Scheidingstechnieken - Statistieken

Algemene statistieken
  • Deze quiz is 4 keer genomen
  • De gemiddelde score is 4 van 7
Antwoordstatistieken
Hint Antwoord % Correct
kooktemperatuur destilleren
100%
grootte (enkel suspensies en rook) filtreren
100%
massadichtheid centrifugeren
50%
massadichtheid (enkel suspensies en emulsies) decanteren
50%
oplosbaarheid extraheren
50%
grootte zeef
50%
kooktemperatuur uitdampen
0%
Geen overeenkomende quizzen gevonden
Scoreverdeling
Procent van Mensen met Elke Score
Percentiel versus Aantal Correcte Antwoorden
Uw Scoregeschiedenis
U heeft deze quiz nog niet genomen